000 00427nam a2200181Ia 4500
001 1816
005 20260306143756.0
008 260306t1999||||xx |||||||||||||| ||spa||
041 _aESP
082 _a155.5
_bH76
100 _aHorrocks, John E.
_eAUT
245 0 _aPsicologĂ­a de la adolescencia
260 _c1999
300 _a464 páginas :
_c25 x 19 cm.
650 _aGEN
654 _aCPS
942 _cLIB
_dJUS
_fJUS
_2ddc
_n
999 _c1816
_d1816